000 nam a22 7a 4500
999 _c232822
_d232822
003 Nust
005 20170223151511.0
008 170223b xxu||||| |||| 00| 0 eng d
040 _c DLC
082 _a297.09 NAD
245 _aتاریخ اسلام
_cندوی،شاہ معین الدین احمد
260 _aLahore :
_c2007
300 _a502p. :
_c27cm
942 _2ddc
_cBK